[Event "Yangon schev"]
[Site "Yangon"]
[Date "1999.02.10"]
[Round "11"]
[White "Ye, Jiangchuan"]
[Black "Nyee, Nyee Zaw"]
[Result "1-0"]
[WhiteElo "2564"]
[BlackElo "2487"]
[PlyCount "65"]
[EventDate "1999.01.??"]
[EventType "schev"]
[EventRounds "14"]
[EventCountry "BUR"]
[SourceTitle "EXT 2000"]
[Source "ChessBase"]
[SourceDate "1999.11.16"]
[SourceVersion "1"]
[SourceVersionDate "1999.11.16"]
[SourceQuality "1"]

1. e4 c5 2. Nf3 d6 3. d4 cxd4 4. Nxd4 Nf6 5. Nc3 Bd7 6. Bg5 e6 7. Ndb5 Bc6 8. Bxf6 gxf6 9. Qh5 a6 10. Nd4 Bd7 11. Bc4 Qc8 12. Bb3 Qc5 13. Nf5 Nc6 14. Qh4 Be7 15. Nxe7 Kxe7 16. Qh3 b5 17. 0-0 Nd4 18. Rad1 b4 19. Na4 Bxa4 20. Bxa4 Rhg8 21. Kh1 Rg7 22. Qd3 e5 23. f4 Ne6 24. fxe5 fxe5 25. Qf3 Nd4 26. Qf6+ Kf8 27. Rd3 Qc7 28. c3 bxc3 29. bxc3 Nb5 30. Bb3 Qe7 31. Qh6 Kg8 32. a4 Nc7 33. Rdf3 1-0

[Event "Yangon schev"]
[Site "Yangon"]
[Date "1999.02.06"]
[Round "7"]
[White "Than, Soe Aung"]
[Black "Nyee, Nyee Zaw"]
[Result "1/2-1/2"]
[WhiteElo "2502"]
[BlackElo "2487"]
[PlyCount "47"]
[EventDate "1999.01.??"]
[EventType "schev"]
[EventRounds "14"]
[EventCountry "BUR"]
[SourceTitle "EXT 2000"]
[Source "ChessBase"]
[SourceDate "1999.11.16"]
[SourceVersion "1"]
[SourceVersionDate "1999.11.16"]
[SourceQuality "1"]

1. d4 Nf6 2. Bg5 c5 3. d5 d6 4. c4 Ne4 5. Bc1 e5 6. g3 f5 7. Bg2 Nf6 8. Nh3 h6 9. Nc3 Be7 10. f3 0-0 11. Nf2 Na6 12. 0-0 Nc7 13. e4 Rb8 14. Qd3 fxe4 15. Nfxe4 Nxe4 16. Nxe4 b5 17. b3 Ba6 18. Rf2 bxc4 19. bxc4 Rb4 20. Rc2 Ne8 21. Bd2 Rb8 22. f4 exf4 23. Bxf4 Nf6 24. Re1 1/2-1/2

[Event "Yangon schev"]
[Site "Yangon"]
[Date "1999.02.03"]
[Round "4"]
[White "Nyee, Nyee Zaw"]
[Black "Ganbold, Odondoo"]
[Result "0-1"]
[WhiteElo "2487"]
[BlackElo "2320"]
[PlyCount "122"]
[EventDate "1999.01.??"]
[EventType "schev"]
[EventRounds "14"]
[EventCountry "BUR"]
[SourceTitle "EXT 2000"]
[Source "ChessBase"]
[SourceDate "1999.11.16"]
[SourceVersion "1"]
[SourceVersionDate "1999.11.16"]
[SourceQuality "1"]

1. d4 d6 2. Nf3 g6 3. c4 Bg7 4. Nc3 Bg4 5. e3 Nf6 6. Be2 0-0 7. 0-0 c5 8. d5 Ne8 9. e4 e5 10. dxe6 fxe6 11. e5 Nc6 12. Bg5 Qb8 13. exd6 Nxd6 14. Be3 Bxf3 15. Bxf3 Nxc4 16. Bxc5 Rd8 17. Qe2 N6e5 18. Rfd1 Nxf3+ 19. gxf3 Nxb2 20. Qxe6+ Kh8 21. Rxd8+ Qxd8 22. Ne4 Nc4 23. Rb1 Ne5 24. Rb3 b6 25. f4 Qd7 26. Qxd7 Nxd7 27. Be3 Rc8 28. Nd6 Rc6 29. Nf7+ Kg8 30. Ng5 h6 31. Nf3 Rd6 32. Ra3 a5 33. Rb3 Rd1+ 34. Kg2 Ra1 35. Rd3 Nf8 36. Rd2 b5 37. Ne5 b4 38. Bd4 Rb1 39. Kf3 a4 40. Rb2 Rxb2 41. Bxb2 a3 42. Bc1 Ne6 43. Ke4 b3 44. axb3 Nc5+ 45. Kd5 a2 46. Bb2 Nxb3 47. Kc4 Bxe5 48. fxe5 a1Q 49. Bxa1 Nxa1 50. Kd5 Nb3 51. e6 Kf8 52. Kd6 Ke8 53. f4 Nd2 54. f5 Nc4+ 55. Kc5 Ne3 56. fxg6 Nf5 57. g7 Nxg7 58. Kd6 h5 59. h3 Kd8 60. h4 Ke8 61. e7 Nf5+ 0-1